000 01138nam a22003497a 4500
003 CHAP
005 20220329133202.0
008 971013s1985 r 00010 d
010 _a3124
011 _a4096
035 _a3298
040 _cCHAP
082 _a674.12
_bG7Y
100 0 0 _aGrigoriev, M. A.
_950715
245 _aEstudio de materiales para ebanistas y carpinteros
260 _aMoscú :
_bMir,
_c1985
300 _a248 p.
_b: ilus., láms
500 _aD48-182
590 _aBATCH-UPD
_b10
_c20130110
_lUCH01
_h1608
590 _aBATCH-UPD
_b10
_c20130410
_lUCH01
_h1004
590 _aBATCH-UPD
_b10
_c20130914
_lUCH01
_h1738
590 _aCONVERSION
_b10
_c20130109
_lUCH01
_h1303
650 1 4 _aMadera aserrada.
_969637
650 1 4 _aMadera para construcción.
_969663
650 1 4 _aMadera
_xNormas de calidad.
_969614
650 1 4 _aMadera
_xPropiedades y usos.
_969621
901 _aBK
942 _cLIBRO
949 _a674.12 G7Y
_bBC
_cLIBRO
_d33724000140687
_eLIBRO
_h16384
_i3298
_mD
_si
949 _a674.12 G7y
_bDCF
_cLIBRO
_d-5831
_eLIBRO
_h3921
_i3298
_si
949 _a674.12 G7y
_bDCF
_cLIBRO
_d-59004
_eLIBRO
_fc.2
_h3922
_i3298
_si
999 _c3124
_d3124